• 首页
  • 本馆介绍
  • 公告通知
  • 最新文献
  • 馆藏检索
  • 电子资源
  • 读者导购
  • 参考咨询
  • 我的图书馆
  • 登录
  • 详细信息显示
  • 放入我的书架
  • 预约/预借图书
  • 作者相关作品
  • 分类相关作品
  • 丛书相关作品
  • 出版社相关作品

书目信息

  • 表格格式
  • 工作单格式
  • 卡片格式
题名:
梁启超论清学史二种
    
 
作者: 梁启超 , 朱维铮 著
分册:  
出版信息: 上海   复旦大学出版社  1985
页数: 605页
开本: 20cm
丛书名: 中国近现代思想文化史料丛书
单 册:
中图分类: B249.05
科图分类:
主题词: 思想史--研究--中国--清代
电子资源:
ISBN:
000 00946nam2 2200289 45
001 0185000899
005 20060728174135.78
010    @dCNY3.85
091    @aCN@b1253.009
100    @a19951006d1985 kemy0chiy0121 ea
101 0  @achi
102    @aCN@b310000
105    @ay z 000yd
200 10 @a梁启超论清学史二种@Aliang qi chao lun qing xue shi er zhong@e清代学术概论@e中国近三百年学术史@f梁启超著@g朱维铮校注
210    @a上海@c复旦大学出版社@d1985
215    @a605页@d20cm
225 2  @a中国近现代思想文化史料丛书
410  0 @120010@a中国近现代思想文化史料丛书
517 1  @a清代学术概论@Aqing dai xue shu gai lun
517 1  @a中国近三百年学术史@Azhong guo jin san bai nian xue shu shi
606    @a思想史@x研究@y中国@z清代
690    @aB249.05@v3
701  0 @a梁启超@Aliang qi chao@4著
701  0 @a朱维铮@Azhu wei zheng@4校注
801  0 @aCN@bTSSF@c20060728
801  2 @aCN@bNLC@c20060718
905    @a10447@dB249.05@e39
    
    梁启超论清学史二种:清代学术概论:中国近三百年学术史/梁启超著/朱维铮校注.-上海:复旦大学出版社,1985
    605页;20cm.-(中国近现代思想文化史料丛书)
    
    
    ISBN :CNY3.85
    
●
相关链接 在E读中查询图书 在五车中查询图书 在当当中查询图书 在豆瓣中查询图书


正题名:梁启超论清学史二种     索取号:B249.05/39         预约/预借

序号 登录号 条形码 馆藏地/架位号 状态 备注
1 0424184   204241846   密集书库/ [索取号:B249.05/39] 在馆    
2 0440622   204406222   密集书库/ [索取号:B249.05/39] 在馆    
唐山师范学院图书馆 欢迎您!
大连网信软件有限公司© 版权所有